[Event "AUT-ch Vor4 Internet"]
[Site "Playchess.com INT"]
[Date "2020.04.25"]
[Round "8"]
[White "Galler, Alexander"]
[Black "Hessenberger, Andreas"]
[Result "0-1"]
[WhiteElo "1772"]
[BlackElo "2019"]
[PlyCount "122"]
[EventDate "2020.04.25"]
[EventType "swiss (blitz)"]
[EventRounds "9"]
[EventCountry "AUT"]
[SourceTitle "EXT 2021"]
[Source "ChessBase"]
[SourceDate "2020.10.23"]
[SourceVersion "1"]
[SourceVersionDate "2020.10.23"]
[SourceQuality "1"]

1. e4 c5 2. Nc3 Nc6 3. f4 d6 4. Nf3 e5 5. Bb5 f6 6. d3 a6 7. Bxc6+ bxc6 8. 0-0 Bg4 9. f5 Bh5 10. Qe1 Bf7 11. Qg3 Ne7 12. Be3 g5 13. Nxg5 fxg5 14. Bxg5 Qd7 15. Qh4 Rb8 16. Na4 h6 17. Bf6 Rg8 18. Rf3 Nc8 19. Rg3 Rxg3 20. hxg3 Nb6 21. Nxb6 Rxb6 22. b3 d5 23. Rf1 dxe4 24. Qxe4 Qd4+ 25. Qxd4 exd4 26. Re1+ Kd7 27. Bh4 Rb8 28. g4 Re8 29. Rxe8 Kxe8 30. g5 hxg5 31. Bxg5 Bh5 32. Kf2 Bd1 33. g4 Bxc2 34. Ke2 Bb1 35. a3 Ba2 36. Bf4 Bxb3 37. g5 Kf7 38. Be5 c4 39. g6+ Kg8 40. Bxd4 cxd3+ 41. Kxd3 Bxa3 42. f6 Bd6 43. f7+ Bxf7 44. gxf7+ Kxf7 45. Kc4 Ke6 46. Kb3 a5 47. Ka4 Bb4 48. Kb3 Kd5 49. Bb2 c5 50. Ka4 Kc4 51. Bf6 Kd3 52. Kb3 c4+ 53. Kb2 c3+ 54. Kb3 c2 55. Bb2 Bd2 56. Ka4 Ke2 57. Kb3 Kd1 58. Ba3 c1Q 59. Bxc1 Kxc1 60. Ka4 Kb2 61. Kb5 Kb3 0-1

[Event "AUT-ch Vor4 Internet"]
[Site "Playchess.com INT"]
[Date "2020.04.25"]
[Round "1"]
[White "Hessenberger, Andreas"]
[Black "Baumegger, Siegfried"]
[Result "0-1"]
[WhiteElo "2019"]
[BlackElo "2432"]
[PlyCount "48"]
[EventDate "2020.04.25"]
[EventType "swiss (blitz)"]
[EventRounds "9"]
[EventCountry "AUT"]
[SourceTitle "EXT 2021"]
[Source "ChessBase"]
[SourceDate "2020.10.23"]
[SourceVersion "1"]
[SourceVersionDate "2020.10.23"]
[SourceQuality "1"]

1. e4 e5 2. c3 Nf6 3. d4 Nc6 4. d5 Ne7 5. f3 Ng6 6. Bd3 Bc5 7. Ne2 d6 8. b4 Bb6 9. a4 a5 10. b5 0-0 11. Bg5 h6 12. Bd2 Nh5 13. g3 Bh3 14. Na3 Bg2 15. Rf1 Ngf4 16. Nxf4 exf4 17. Nc4 fxg3 18. hxg3 Bxf1 19. Nxb6 cxb6 20. Bxf1 Nxg3 21. Bf4 Nxe4 22. Qd4 Qh4+ 23. Ke2 Qxf4 24. Qxe4 Rfe8 0-1

[Event "AUT-ch Vor4 Internet"]
[Site "Playchess.com INT"]
[Date "2020.04.25"]
[Round "7"]
[White "Sulzbacher, Michael"]
[Black "Hessenberger, Andreas"]
[Result "1-0"]
[WhiteElo "2018"]
[BlackElo "2019"]
[PlyCount "137"]
[EventDate "2020.04.25"]
[EventType "swiss (blitz)"]
[EventRounds "9"]
[EventCountry "AUT"]
[SourceTitle "EXT 2021"]
[Source "ChessBase"]
[SourceDate "2020.10.23"]
[SourceVersion "1"]
[SourceVersionDate "2020.10.23"]
[SourceQuality "1"]

1. b3 d5 2. Bb2 c5 3. e3 Nc6 4. f4 e6 5. Nf3 Nf6 6. Bb5 Bd7 7. Bxc6 bxc6 8. Ne5 Bd6 9. 0-0 0-0 10. d3 h6 11. Nd2 Ne8 12. a4 Bxe5 13. Bxe5 f6 14. Bb2 Nd6 15. Qe2 Re8 16. e4 d4 17. Ba3 Nb7 18. Nc4 Qe7 19. a5 a6 20. Nb6 Rad8 21. Na4 Bc8 22. e5 f5 23. Nb6 Nxa5 24. Na4 Nb7 25. Qf3 Rd5 26. Nb6 Red8 27. Nxd5 cxd5 28. Bb2 a5 29. Bc1 Bd7 30. Bd2 Ra8 31. Ra3 Bc6 32. Rfa1 Qc7 33. Qf2 a4 34. bxa4 Na5 35. Qe1 Kh8 36. c3 dxc3 37. Bxc3 d4 38. Bxa5 Rxa5 39. Qc1 Bb7 40. Qc2 Qc6 41. Rc1 h5 42. h3 Kh7 43. Ra2 Qd5 44. Rb2 Bc6 45. Ra2 g6 46. Rca1 Ra7 47. a5 Bb5 48. Rc1 Ba6 49. Qe2 Rc7 50. Rd2 c4 51. dxc4 Bxc4 52. Qf3 Qxa5 53. Rxd4 Bd5 54. Rxc7+ Qxc7 55. Qd1 Qc3 56. Qd2 Qc5 57. Kh2 Kh6 58. g4 hxg4 59. hxg4 fxg4 60. Kg3 Kg7 61. Kxg4 Qe7 62. Kg3 Qf7 63. Rxd5 Qf5 64. Rd7+ Kf8 65. Qd6+ Kg8 66. Qb8+ Qf8 67. Rd8 g5 68. Rxf8+ Kg7 69. Rg8+ 1-0

[Event "AUT-ch Vor2 Internet"]
[Site "Playchess.com INT"]
[Date "2020.04.13"]
[Round "5"]
[White "Hessenberger, Andreas"]
[Black "Peyrer, Konstantin"]
[Result "0-1"]
[WhiteElo "2019"]
[BlackElo "2265"]
[PlyCount "34"]
[EventDate "2020.04.13"]
[EventType "swiss (blitz)"]
[EventRounds "9"]
[EventCountry "AUT"]
[SourceTitle "CBM 195 Extra"]
[Source "ChessBase"]
[SourceDate "2020.05.31"]
[SourceVersion "1"]
[SourceVersionDate "2020.05.31"]
[SourceQuality "1"]

1. e4 e5 2. c3 Nf6 3. d3 Nc6 4. f4 d5 5. fxe5 Nxe5 6. exd5 Nxd5 7. Nf3 Nxf3+ 8. Qxf3 Bc5 9. d4 Bd6 10. Bc4 Be6 11. 0-0 0-0 12. Nd2 Nf4 13. Bb3 Qh4 14. h3 Bxh3 15. gxh3 Nxh3+ 16. Kg2 Ng5 17. Kg1 Qh2# 0-1

[Event "Neumarkt am Wallersee op 09th"]
[Site "Neumarkt am Wallersee"]
[Date "2010.08.24"]
[Round "4"]
[White "Heigerer, Stefan"]
[Black "Hessenberger, Andreas"]
[Result "1/2-1/2"]
[WhiteElo "1998"]
[BlackElo "1951"]
[PlyCount "39"]
[EventDate "2010.08.21"]
[EventType "swiss"]
[EventRounds "9"]
[EventCountry "AUT"]
[SourceTitle "CBM 138 Extra"]
[Source "ChessBase"]
[SourceDate "2010.10.29"]
[SourceVersion "1"]
[SourceVersionDate "2010.10.29"]
[SourceQuality "1"]

1. e4 e5 2. Nf3 Nc6 3. Bc4 Be7 4. d4 exd4 5. Nxd4 d6 6. 0-0 Nf6 7. Nc3 0-0 8. Be3 a6 9. a4 Ng4 10. Bf4 Bf6 11. Nce2 Bxd4 12. Nxd4 Qf6 13. Be3 Nce5 14. Bb3 Nxe3 15. fxe3 Qh6 16. Rf4 Ng6 17. Rf3 Bg4 18. Nf5 Qh5 19. Qd4 Ne5 20. Rf4 1/2-1/2